00262 a2200109 4500001000700000020000600007040001100013100003400024240004500058245004000103362000900143167321 a  cMagnum aSilva, Jair Militao da (Org.)10aOs educadores e o cotidiano escolarlpor10aOs educadores e o cotidiano escolar0 a1899